1008 1292 1922 1442 1526 1393 1280 1560 1801 1803 1011 1250 1199 1442 1094 1803 1131 1154 1463 1501 1896 1994 1868 1834 1243 1388 1716 1340 1401 1394 1411 1598 1291 1594 1348 1742 1989 1419 1289 1525 1890 1789 1552 1520 1911 1449 1110 1864 1799 1156 1553 1391 1634 1398 1063 1456 1837 1558 1373 1342 1993 1606 1838 1505 1928 1784 1560 1021 1986 1117 1343 1001 1819 1568 1637 1476 1701 1732 1552 1175 1899 1960 1135 1652 1400 1169 1342 1923 1730 1352 1401 1997 1912 1642 1966 1943 1777 1322 1883 BCNSPRNW ULIB Ver.6.0+V

เปลี่ยนเป็นภาษาไทย

Change to English
 แสดงรายละเอียดบรรณานุกรม
  กลับหน้าหลัก

Brief Record : Get Marc (ISO 2709) : E-mail record : QR code < ปิดหน้าต่าง
LEADER : 00000nam 2200000uu 4500
001    13399127043
003     ULIB
008    020711s2561 th a 000 0 tha d
020    ^a9786162279867
060    ^aWS103^bต-ล
100    ^aตุ๊บปอง
245    ^aลูกลิงขอโทษ ชุดลูกลิงเรียนรู้
250    ^aพิมพ์ครั้งที่ 1
260    ^aกรุงเทพฯ :^bบริษัท แปลน ฟอร์ คิดส์ จำกัด,^c2561
300    ^a15 หน้า;^b21 ซม.
650    ^aเด็ก^xการเรียนการสอน
945    ^p115^l0^i006231
999    ^aประนอม เกษจรัล
รายการนี้ยังไม่มีแท็ก
คุณยังไม่ได้ล็อกอิน คุณสามารถมีกิจกรรมร่วมกับเว็บไซต์ได้ แต่ต้องล็อกอินก่อน ::
  ล็อกอิน

รายการสื่อสารสนเทศ

ลำดับที่ ประเภท เลขเรียก/บาร์โค้ด สถานที่ สถานะ
1. วิทยาศาสตร์การแพทย์ และสุขภาพ
วิทยาศาสตร์การแพทย์ และสุขภาพ
WS103 ต-ล ฉ.1 
  Barcode: 006231
ห้องสมุดวิทยาเขตสวรรค์ประชารักษ์
►หนังสือทั่วไป
บนชั้น

รายการใกล้เคียง
    ผู้แต่ง [ตุ๊บปอง]

BibComment


ยังไม่เคยถูกคอมเมนท์

คอมเมนท์ทรัพยากรรายการนี้
  คอมเมนท์: ลูกลิงขอโทษ ชุดล..


 Copyright 2026. Bcnsprnw @Library